000 00374nam a2200181Ia 4500
003 IT-RoPAU
008 120407s9999 xx 000 0 und d
040 _aIT-RoPAU
040 _cIT-RoPAU
100 _aGiovanni Joergensen
245 _aSanta Caterina da Siena
250 _aTorino
260 _aSei
300 _c cm
490 _v1
942 _cBK
999 _c11611
_d11611